| 000 | 00368nam a2200145 4500 | ||
|---|---|---|---|
| 005 | 20260703122754.0 | ||
| 008 | 260703b |||||||| |||| 00| 0 eng d | ||
| 020 | _a9780914386407 | ||
| 100 | _aJunger, Ernst | ||
| 245 |
_aOn pain _cErnst Junger |
||
| 260 |
_aNew York: _bTelos Press Publishing, _c2008. |
||
| 300 | _axlvii, 47p.; | ||
| 650 |
_aPain _92823 |
||
| 942 | _cBK | ||
| 999 |
_c41595 _d41595 |
||